Star Wars: The Last Jedi Quiz (Minor Spoilers) - Statistics

General Stats
  • This quiz has been taken 355 times
  • The average score is 11 of 13
Answer Stats
Hint Answer % Correct
1. Bold Pilot of the Resistance Poe Dameron
98%
5. Aging Jedi in Hiding Luke Skywalker
94%
4. Supreme Leader of the First Order Snoke
94%
8. Spherical Droid Owned By #1 BB-8
91%
12. Force Sensitive Apprentice of #4 Kylo Ren
91%
13. Light Side Adversary of #12 Rey
91%
6. Mechanic and Finn's Love Interest Rose Tico
89%
11. Chrome-Armored First Order Captain Captain Phasma
87%
9. General of the First Order Hux
85%
10. Small Large-Eyed Bird Porg
65%
3. Leader of the Resistance in the General's Absence Vice Admiral Holdo
64%
2. Planet the Resistance flees to in desperation Crait
57%
7. What Finn and #6 Must Disable Tracker
46%
No matching quizzes found
Score Distribution
Percent of People with Each Score
Percentile by Number Answered
Your Score History
You have not taken this quiz